000 01182nam a22003377a 4500
003 CHAP
005 20220329134042.0
008 971013s1981 r 00010 d
010 _a14704
011 _a15676
035 _a19752
040 _cCHAP
090 _aTesis
100 0 0 _aHernández Vázquez, José Francisco.
_954746
245 _aEfectos del levamisol en dosis subterapéuticas para pollo de engorda administrado en el agua de bebida
260 _aMéxico, D.F. :
_bEl Autor,
_c1981
502 _aTesis (Médico Veterinario Zootecnista) -- UNAM. Fac. de Medicina Veterinaria y Zootecnia
590 _aALEPH
_b10
_c20130110
_lUCH01
_h1236
590 _aBATCH-UPD
_b10
_c20130110
_lUCH01
_h1558
590 _aBATCH-UPD
_b10
_c20130410
_lUCH01
_h0955
590 _aBATCH-UPD
_b10
_c20130914
_lUCH01
_h0441
590 _aBATCH-UPD
_b10
_c20130914
_lUCH01
_h2104
590 _aCONVERSION
_b10
_c20130109
_lUCH01
_h1309
650 1 4 _aAscaridia galli.
_97856
650 1 4 _aAves de corral
_xEngorda.
_98647
650 1 4 _aAves de corral
_xParásitos.
_98673
650 1 4 _aLevamisol.
_966405
901 _aBK
942 _cTESIS
949 _bBC
_cTES
_d-46081
_eTS1
_h18475
_i19752
_mD
_si
999 _c14704
_d14704